000 00608nam a2200241Ia 4500
003 OSt
005 20220924150954.0
006 a|||||r|||| 00| 0
007 ta
008 220923b |||||||| |||| 00| 0 tel d
020 _c15.00
024 _a335426
037 _cTextual
040 _aARTS
_cARTS
_btel
041 _2tel
_atel
082 _aO152,1H50w, 35M5
100 _aRao B. Rajanikantha
_9223321
245 0 _aVidyapathy
260 _c1985
650 _aHINDI POETRY
_97134
942 _hO152,1H50w, 35M5
_cTEXL
_2CC
999 _c465141
_d465141